LIBRARY & INFORMATION CENTRE, KCAET, TAVANUR

ONLINE PUBLIC ACCESS CATALOGUE (OPAC)

Drying and storage of grains and oilseeds / (Record no. 10987)

MARC details
000 -LEADER
fixed length control field 00514cam a2200181ua 4500
003 - CONTROL NUMBER IDENTIFIER
control field OSt
008 - FIXED-LENGTH DATA ELEMENTS--GENERAL INFORMATION
fixed length control field 240123b |||||||| |||| 00| 0 eng d
020 ## - INTERNATIONAL STANDARD BOOK NUMBER
ISBN 81 239 0525 4
041 ## - LANGUAGE CODE
Language code of text/sound track or separate title eng
082 ## - DEWEY DECIMAL CLASSIFICATION NUMBER
Classification number 633.85
Item number BRO/DR
100 ## - MAIN ENTRY--AUTHOR NAME
Personal name Brooker, Donald B .
245 ## - TITLE STATEMENT
Title Drying and storage of grains and oilseeds /
260 ## - PUBLICATION, DISTRIBUTION, ETC. (IMPRINT)
Place of publication New Delhi :
Name of publisher C B S Publishers & Distributers ,
Year of publication 1997.
300 ## - PHYSICAL DESCRIPTION
Number of Pages 450 ; .
700 1# - ADDED ENTRY--PERSONAL NAME
Personal name Arkema-Bakker, Fred W .
700 1# - ADDED ENTRY--PERSONAL NAME
Personal name Hall, Carl W .
942 ## - ADDED ENTRY ELEMENTS (KOHA)
Koha item type Books
Holdings
Withdrawn status Lost status Damaged status Home library Current library Shelving location Date acquired Full call number Accession Number Koha item type
      KAUAET KAUAET General Stacks 07/04/2012 633.85 20653 Books
free website counter